125 rokov hasičstva v Spišskej Sobote

Bibliographic Details
Other Authors: Malovcová, Božena, 1957- (akp), Kupko, Marcel (gup), Gordiak, Fabián (Compiler, akp)
Format: Book
Language:Slovak
PhysicalDescription:26 s., [10] s. príl. fotogr. 21 cm
Published: Spišská Sobota Dobrovoľný hasičský zbor 2004
ISBN:8096918885
Edition:1. vyd.
Subjects:

MARC

LEADER 00000nam a2200000 a 4500
001 vtls001480341
003 SK-MaSNL
005 20260301203844.0
008 130607s2004 xo a 0 slo
015 |a SNBE2004/04-02199 
020 |a 8096918885 
035 |a SNK000435639 
040 |a SNK  |b slo  |c SNK  |e AACR2 
043 |a e-xo--- 
044 |a xo  |c SK 
072 7 |a 614.8  |x Požiare. Ochrana pred požiarmi  |2 konspekt 
080 |a 614.842.83  |2 1981 
080 |a 93/94  |2 1981 
080 |a (437.6)  |2 1981 
080 |a (082.2)  |2 1981 
245 1 |a 125 rokov hasičstva v Spišskej Sobote  |c zostavil: Fabián Gordiak ; autori textu: Fabián Gordiak, Božena Malovcová ; design: Marcel Kupko 
246 1 3 |a Stodvadsaťpäť rokov hasičstva v Spišskej Sobote 
250 |a 1. vyd. 
260 |a Spišská Sobota  |b Dobrovoľný hasičský zbor  |c 2004 
300 |a 26 s., [10] s. príl.  |b fotogr.  |c 21 cm 
500 |a 1000 výt. 
504 |a Res. v slov. Bibliogr. odkazy s. 25 
610 2 7 |a Dobrovoľný hasičský zbor (Spišská Sobota, Slovensko)  |y 1879-2004  |2 SNKKA  |9 587877 
650 0 7 |a hasičské zbory  |z Slovensko  |2 SNKPH  |9 303855 
650 0 7 |a hasičské zbory  |x dejiny  |2 SNKPH  |9 312170 
651 7 |a Poprad (Slovensko : okres)  |2 SNKPH  |9 28675 
651 7 |a Spišská Sobota (Poprad, Slovensko)  |2 SNKPH  |9 54498 
655 7 |a jubilejné publikácie  |2 SNKPH  |9 70339 
700 1 |a Malovcová, Božena,  |d 1957-  |4 akp  |9 104604 
700 1 |a Kupko, Marcel  |4 gup  |9 587878 
700 1 |a Gordiak, Fabián  |4 com  |4 akp  |9 317946 
919 |a 80-969188-8-5 
999 |c 904182  |d 906112 
952 |t P60, <03>, [BOOK], {603}  |a SNK  |b SNK  |y PREZ  |7 0  |p 17A0441874  |o snkOSC 22714  |i snkKSP 11347/2004  |0 0  |1 0  |4 0  |d 2004-08-30  |l 0  |r 2005-01-02 00:00:00  |w 2026-02-24 
952 |t P60, <04>, [BOOK], {604}  |a SNK  |b SNK  |y VYP  |7 0  |p 17A0441875  |o snkOSC 22714 D1  |i snkKSP 11348/2004  |0 0  |1 0  |4 0  |d 2004-08-30  |l 0  |r 2005-01-02 00:00:00  |w 2026-02-24